The red and the green
Gespeichert in:
| 1. Verfasser: | |
|---|---|
| Format: | Buch |
| Sprache: | Undetermined |
| Veröffentlicht: |
New York, Estados Unidos
The Viking Press
1965
|
| Schlagworte: | |
| Tags: |
Tag hinzufügen
Keine Tags, Fügen Sie den ersten Tag hinzu!
|
MARC
| LEADER | 00000nam a2200000Ia 4500 | ||
|---|---|---|---|
| 008 | 170316s9999 xx 000 0 und d | ||
| 040 | |a cru BVZT | ||
| 090 | |a 820 M-22r | ||
| 100 | |a Murdoch, Iris | ||
| 245 | 4 | |a The red and the green | |
| 260 | |a New York, Estados Unidos | ||
| 260 | |b The Viking Press | ||
| 260 | |c 1965 | ||
| 300 | |a 311 páginas | ||
| 650 | |a LITERATURA INGLESA | ||
| 999 | |c 7025 |d 7025 | ||
| 942 | |c 15 D |h 820 M-22r |2 z | ||
